| 000 | 00658cam a22002413a 4500 | ||
|---|---|---|---|
| 001 | 24719 | ||
| 003 | PGUSA | ||
| 005 | 20140828083530.0 | ||
| 008 | 080229s2008||||xxu|||||s|||||000 | eng d | ||
| 040 |
_aPGUSA _beng |
||
| 042 | _adc | ||
| 050 | 4 | _aSH | |
| 100 | 1 |
_aWalker, Charles Edward, _d-1953 |
|
| 245 | 1 | 0 |
_aAmateur Fish Culture _h[electronic resource] / _cCharles Edward Walker |
| 260 |
_bProject Gutenberg, _c2008 |
||
| 506 | _aPublic domain in the USA. | ||
| 516 | _aElectronic text | ||
| 653 | _aFish culture | ||
| 653 | _aAquaculture | ||
| 830 | 0 |
_aProject Gutenberg _v24719 |
|
| 856 | 4 | 0 | _uhttp://www.gutenberg.org/ebooks/24719 |
| 942 | _cEB | ||
| 999 |
_c253974 _d253974 |
||